| 000 | 00825nam a2200301Ia 4500 | ||
|---|---|---|---|
| 008 | 160803s9999 xx 000 0 und d | ||
| 020 | _a9780545165778 | ||
| 100 | _aSchrefer, Eliot | ||
| 245 | _aEndangered / | ||
| 245 | _cEliot Schrefer. | ||
| 260 | _aNew York : | ||
| 260 | _bScholastic Inc. | ||
| 260 | _c2012 | ||
| 300 | _a264 pages : | ||
| 300 | _bmap ; | ||
| 300 | _c22 cm | ||
| 650 | _aAnimal rescue -- Congo (Democratic Republic) -- | ||
| 650 | _aAnimal sanctuaries -- | ||
| 650 | _aBonobo -- | ||
| 650 | _aChildren of divorced parents -- | ||
| 650 | _aCongo (Democratic Republic) -- History -- 1997- -- | ||
| 650 | _xJuvenile fiction. | ||
| 650 | _xJuvenile fiction. | ||
| 650 | _xJuvenile fiction. | ||
| 650 | _xJuvenile fiction. | ||
| 650 | _xJuvenile fiction. | ||
| 700 | _a900 | ||
| 999 |
_c299546 _d299546 |
||